000 00438nam a2200181Ia 4500
005 20240823061601.0
008 240823s9999||||xx |||||||||||||| ||und||
041 _aENGLISH
082 _A820 Q9
100 _aBoard of Editors
245 0 _aExpressions I : A Textbook of Language and Literature
250 _a1st
260 _c2019
_bOrient Blac
500 _aYES
650 _aLiterature
_bEnglish
942 _cBK
999 _c233870
_d233870